| 000 | 01009nam a2200253Ia 4500 | ||
|---|---|---|---|
| 003 | OSt | ||
| 005 | 20221005105122.0 | ||
| 006 | a|||||r|||| 00| 0 | ||
| 007 | ta | ||
| 008 | 221004b |||||||| |||| 00| 0 hin d | ||
| 024 | _a112251 | ||
| 037 | _cTextual | ||
| 040 |
_aCRL _cCRL _bhin |
||
| 041 |
_2hin _ahin |
||
| 082 | _aO11195,2:g, 152L0 | ||
| 100 | _aउपेन्द्रनारायण सिंह | ||
| 245 | 0 | _aआधुनिक हिन्दी - नाटकों पर आंग्ल - नाटकों का प्रभाव | |
| 246 | _aĀdhunik hindī - nāṭakoan par āangla - nāṭakoan kā prabhāva | ||
| 260 |
_aदिल्ली _bहिन्दी साहित्य संसार भारत _c1970 |
||
| 300 |
_a272पृ0 _ccm. |
||
| 650 | _aपाश्चात्य साहित्य | ||
| 942 |
_hO11195,2:g, 152L0 _cTEXL _2cc |
||
| 999 |
_c1014819 _d1014819 |
||